Breath of the Wild Tile Select - Statistics

General Stats
  • This quiz has been taken 53 times
    40 since last reset
  • The average score is 62 of 125
Answer Stats
Question Tile Select % Correct
Shrines Kaka Riko No
76%
Shrines Tama Pona No
76%
Armor Sets Equestrian No
73%
Armor Sets Extravagant No
73%
Shrines Grana Jah No
73%
Armor Sets Invisibility No
73%
Shrines Je'et Punka No
73%
Shrines Kama Flora No
73%
Armor Sets Korok No
73%
Armor Sets Running No
73%
Shrines Tana Gara No
73%
Mountains Vatorsa Mountain No
73%
Armor Sets Desert Voe Yes
70%
Armor Sets Gliding No
70%
Mountains Mount Intenoch No
70%
Armor Sets Climbing Yes
67%
Shrines Mika Rana No
67%
Mountains Satori Mountain Yes
67%
Armor Sets Zora Yes
67%
Armor Sets Barbarian Yes
64%
Meals Cookies No
64%
Armor Sets Goron No
64%
Mountains Lodrum Mountain No
64%
Shrines Mo'a Keet Yes
64%
Armor Sets Rubber Yes
64%
Shrines Sah Tori No
64%
Ruins Spring of Bravery No
64%
Mountains Tabahl Peak No
64%
Meals Tacos No
64%
Mountains Zonai Mountain No
64%
Armor Sets Ancient Yes
61%
Mountains Dueling Peaks Yes
61%
Ruins Hebra Lodge Ruins No
61%
Armor Sets Hylian Yes
61%
Meals Ice Cream No
61%
Shrines Kara Baza No
61%
Shrines Lapa Roh No
61%
Mountains Mount Illumeni No
61%
Meals Pasta No
61%
Armor Sets Rito No
61%
Ruins Hateno Ancient Lab Ruins No
58%
Ruins Passeri Village Ruins No
58%
Meals Poisonous Food No
58%
Shrines Sama Sara No
58%
Armor Sets Snowquill Yes
58%
Armor Sets Soldier Yes
58%
Mountains Tanagar Mountain No
58%
Ruins Temple of Time Yes
58%
Mountains Toruma Peak No
58%
Ruins Akkala Village Ruins No
55%
Ruins Ash Village Ruins No
55%
Meals Casserole No
55%
Armor Sets Flamebreaker Yes
55%
Mountains Gorko Peak No
55%
Mountains Hebra North Summit Yes
55%
Shrines Maag No'rah Yes
55%
Mountains Mount Hylia Yes
55%
Meals Omelet Yes
55%
Meals Pancakes No
55%
Meals Pizza No
55%
Meals Rotten Food No
55%
Meals Sandwich No
55%
Armor Sets Desert Vai No
52%
Shrines Dow Na'eh Yes
52%
Meals Sushi No
52%
Ruins West Post Ruins No
52%
Ruins Zora Ruins No
52%
Ruins Coliseum Ruins Yes
48%
Armor Sets Dark Yes
48%
Shrines Mar Ag'aht No
48%
Armor Sets Radiant Yes
48%
Mountains Mount Daphnes Yes
45%
Meals Quiche No
45%
Ruins South Lomei Labyrinth Yes
45%
Armor Sets Stealth Yes
45%
Ruins Thyphlo Ruins Yes
45%
Armor Sets Wild Yes
45%
Ruins Archery Camp Ruins No
42%
Meals Curry Yes
42%
Ruins Forgotten Temple Yes
42%
Ruins Fort Hateno Yes
42%
Armor Sets Gerudo Yes
42%
Mountains Hebra Southeast Summit No
42%
Mountains Mount Hateno No
42%
Shrines Mozo Shenno Yes
42%
Ruins Ranch Ruins Yes
42%
Meals Rock-Hard Food Yes
42%
Ruins East Lomei Labyrinth No
39%
Meals Fried Rice Yes
39%
Meals Risotto Yes
39%
Ruins Spring of Power Yes
39%
Ruins Statue of the Seventh Heroine No
39%
Mountains West Gerudo Summit No
39%
Meals Crepe Yes
36%
Shrines Goma Asaagh Yes
36%
Shrines Hila Rao Yes
36%
Shrines Raqa Zunzo Yes
36%
Ruins Arbiter's Grounds Yes
33%
Shrines Kah Okeo Yes
33%
Meals Meunière Yes
33%
Mountains Mount Nabooru Yes
33%
Shrines Sheh Rata Yes
33%
Shrines Shoqa Tatone Yes
33%
Mountains Tabantha Mountain No
33%
Mountains Tuft Mountain Yes
33%
Shrines Zalta Wa Yes
33%
Ruins Akkala Parade Ground Ruins Yes
30%
Ruins Eastern Abbey Yes
30%
Meals Paella Yes
30%
Shrines Sasa Kai Yes
30%
Meals Stir-Fry Yes
30%
Meals Tart Yes
30%
Ruins Maritta Exchange Ruins Yes
27%
Ruins Moor Garrison Ruins Yes
27%
Ruins Palmorae Ruins Yes
27%
Mountains Ruto Mountain Yes
27%
Mountains Ulri Mountain Yes
27%
Meals Pilaf Yes
24%
Shrines Kayra Mah Yes
21%
Armor Sets Sheikah No
21%
Meals Bread Yes
18%
Mountains Breman Peak Yes
18%
Meals Candies Yes
15%
Mountains Madorna Mountain Yes
15%
Mountains Mount Faloraa Yes
15%
No matching quizzes found
Score Distribution
Percent of People with Each Score
Percentile by Number Answered
Your Score History
You have not taken this quiz since the last reset